000 01012nam a2200289 a 4500
001 60044
003 BD-RjUL
005 20211209080810.0
008 161228s1982 njua b 001 0 eng
020 _a013178269X
035 _a(BD-RjUL)60168
040 _aDLC
_cDLC
_dDLC
_beng
041 _aeng
082 0 0 _a365.0683
_219
_bARC 1982
100 1 _aArchambeault, William G.
_9178678
245 1 0 _aCorrectional supervisory management :
_bprinciples of organization, policy, and law /
_cWilliam G. Archambeault, Betty J. Archambeault.
260 _aEnglewood Cliffs, N.J. :
_bPrentice-Hall,
_cc1982.
300 _axxiii, 454 p. :
_bill. ;
_c24 cm.
500 _aIncludes indexes.
504 _aBibliography: p. 435-445.
650 0 _aCorrections
_zUnited States
_xPersonnel management.
_9178680
650 0 _aCorrectional law
_zUnited States.
_9178681
700 1 _aArchambeault, Betty J.
_9178682
942 _2ddc
_cBK
999 _c60044
_d60044